000 00351nam a22001337a 4500
008 250311b |||||||| |||| 00| 0 eng d
020 _a9781211059
050 _aHD 9737
_b.T47
100 _aTeriba O.
245 _aThe Structure of Manufacturing Industry in Nigeria
260 _aIbadan
_bIbadan University Press
_c1981
300 _a138p.
942 _cBK
999 _c2226
_d2226